'S' Movie Characters Quiz Stats

 Plays Quiz Updated Jul 12, 2014

     
Support Sporcle.
Go Orange.
Score 0/20 Timer 04:00
3 Plays Today
picture name % Correct
Shrek (Shrek)
99.2%
Scarecrow (Wizard of Oz)
92.9%
Stuart Little (Stuart Little)
89.7%
Severus Snape (Harry Potter)
85.5%
Samwise Gamgee (Lord of the Rings)
79.1%
Sandy Olsson (Grease)
74.8%
Sally Albright (When Harry Met Sally)
74.8%
Storm (X-Men: The Last Stand)
71.2%
Sweeney Todd (Sweeney Todd)
70.9%
Spartacus (Spartacus)
65.5%
picture name % Correct
Shaun (Shaun of the Dead)
58.5%
Sarah Connor (Terminator 2)
58.4%
The Sundance Kid (Butch Cassidy & The Sundance Kid)
55.5%
Steve Zissou (Life Aquatic with Steve Zissou)
52.7%
Scott Evil (Austin Powers)
42.8%
Santino 'Sonny' Corleone (The Godfather)
38.6%
Snake Plissken (Escape from New York)
38.1%
Shooter McGavin (Happy Gilmore)
34.3%
Sidney Prescott (Scream)
29.6%
Satine (Moulin Rouge)
17.2%

From the Vault

European Capital Match-Up

by aj95

These capitals got lost from their countries. Can you put them back together?
Remove Ads.
Support Sporcle.
Get the best of Sporcle when you Go Orange. This ad-free experience offers more features, more stats, and more fun while also helping to support Sporcle. Thank you for becoming a member.

Show Comments

Extras

Top Quizzes Today


Score Distribution

Your Account Isn't Verified!

In order to create a playlist on Sporcle, you need to verify the email address you used during registration. Go to your Sporcle Settings to finish the process.

Report this User

Report this user for behavior that violates our Community Guidelines.

Details: